00309nam a2200121Ia 4500008004100000041001200041082002200053100001100075245005200086260002600138300001200164300001100176231217s9999 xx 000 0 und d aEnglish a658.076 KAP;1 R aKaplan 0aTest prep and admissions GMAT : premier program c2006bSimonaNew York axiv+390 cCD2256